Catalog

Record Details

Catalog Search



For the birds : an uncommon guide / Laura Erickson ... Read More

Available copies

  • 2 of 2 copies available at LARL/NWRL Consortium.

Current holds

0 current holds with 2 total copies.

Show Only Available Copies
Location Call Number / Copy Notes Barcode Shelving Location Status Due Date
Godel Memorial-Warren Library MN 598.29776 ERI (Text) 35500003956206 Main Available -
Karlstad LINK Site 598.29776 ERI (Text) 35500002324786 Main Available -

Record details

  • ISBN: 0938586912 (pbk.) :
  • Physical Description: 1 v. (unpaged) : ill. ; 23 cm.
  • Publisher: Duluth, Minn. : Pfeifer-Hamilton, c1994.

Content descriptions

General Note:
Includes index.
Subject: Birds > Miscellanea.
Bird watching > Miscellanea.
LDR 01009cam a2200253Ia 4500
00113192
003LARL_NWRL_CONSORTIUM
00519940207130845.0
008930927s1994 mnua 001 0 eng d
020 . ‡a0938586912 (pbk.) : ‡c$19.95
035 . ‡a(OCoLC)28896219
092 . ‡a598.29776 E
1001 . ‡aErickson, Laura, ‡d1951- ‡0(LARL_NWRL_CONSORTIUM)113419
24510. ‡aFor the birds : ‡ban uncommon guide / ‡cLaura Erickson ; illustrations by Jeff Sonstegard.
260 . ‡aDuluth, Minn. : ‡bPfeifer-Hamilton, ‡cc1994.
300 . ‡a1 v. (unpaged) : ‡bill. ; ‡c23 cm.
4900 . ‡aAppointment with nature
500 . ‡aIncludes index.
650 0. ‡aBirds ‡vMiscellanea. ‡0(LARL_NWRL_CONSORTIUM)170999
650 0. ‡aBird watching ‡vMiscellanea.
901 . ‡a13192 ‡bOCLC ‡c13192 ‡tbiblio

Additional Resources